[Event "Ulster Championship 2019"]
[Site "Belfast IRL"]
[Date "2019.08.24"]
[Round "1.1"]
[White "Horvath, Gabor"]
[Black "Annesley, Gareth"]
[Result "1-0"]
[WhiteTitle "CM"]
[WhiteElo "2226"]
[BlackElo "1885"]
[WhiteUCU "2073"]
[BlackUCU "1912"]
[WhiteClub "Strand"]
[BlackClub "Belfast South"]
[WhiteNationality "HUN"]
[BlackNationality "IRL"]
[WhiteFideId "720003"]
[BlackFideId "2505762"]
[PlyCount "99"]
[EventDate "2019.08.24"]
[Source "Live boards"]
[WhiteFullName "Horv&aacute;th, G&aacute;bor"]

{ Event information: <a
href="http://www.irlchess.com/ulsterch2019_allfiles/pairings_ulsterch2019.html">Tournament
report</a>. }

1. e4 d5 2. exd5 Qxd5 3. Nc3 Qa5 4. d4 Nf6 5. Bc4 Bg4 6. f3 Bf5 7. Bd2 c6
8. Qe2 e6 9. g4 Bg6 10. h4 h6 11. O-O-O Bb4 12. f4 O-O 13. h5 Bh7 14. g5
Nd5 15. g6 fxg6 16. Bxd5 Bxc3 17. Bxe6+ Kh8 18. Bxc3 Qc7 19. hxg6 Bxg6 20.
Qe5 Qxe5 21. dxe5 Na6 22. f5 Bxf5 23. Bxf5 Rxf5 24. Ne2 Nc5 25. Nd4 Rf2 26.
Nb3 Ne6 27. Rhf1 Raf8 28. Rxf2 Rxf2 29. Rd6 Ng5 30. Rd1 Kg8 31. Bd4 Re2 32.
Bxa7 Rxe5 33. a4 h5 34. Bd4 Rf5 35. Nc5 Rf7 36. a5 Nf3 37. Bc3 g5 38. Ne4
Kf8 39. Rd8+ Ke7 40. Rb8 Ke6 41. Rg8 Rf5 42. Rg6+ Ke7 43. Rg7+ Ke6 44. b4
Kd5 45. Ng3 Rf4 46. Nxh5 Rh4 47. Nf6+ Kc4 48. Kb2 Rh2 49. Ng4 Re2 50. Rxb7
1-0

[Event "Ulster Championship 2019"]
[Site "Belfast IRL"]
[Date "2019.08.24"]
[Round "1.2"]
[White "Zelenchuk, Daniil"]
[Black "Allen, Keith"]
[Result "1-0"]
[WhiteElo "1817"]
[BlackElo "2207"]
[WhiteUCU "1829"]
[WhiteClub "Strand"]
[BlackClub "Isle of Man IOM"]
[WhiteNationality "IRL"]
[BlackNationality "IRL"]
[WhiteFideId "2511959"]
[BlackFideId "2501147"]
[PlyCount "57"]
[EventDate "2019.08.24"]
[Source "Live boards"]

{ Event information: <a
href="http://www.irlchess.com/ulsterch2019_allfiles/pairings_ulsterch2019.html">Tournament
report</a>. }

1. c4 Nf6 2. Nc3 e5 3. g3 Nc6 4. Bg2 g6 5. d3 Bg7 6. e4 O-O 7. Nge2 d6 8.
O-O Nh5 9. h3 Be6 10. f4 f5 11. exf5 gxf5 12. Nd5 Qd7 13. Be3 Rae8 14. b4
Kh8 15. b5 Nd4 16. Nxd4 exd4 17. Bf2 Qf7 18. Nxc7 Qxc7 19. Qxh5 Re7 20.
Rae1 Rfe8 21. g4 Qc5 22. Bh4 Bf7 23. Qg5 Re3 24. Bf2 Bg6 25. gxf5 Bxf5 26.
Be4 Bxh3 27. Qh4 Bf5 28. Qh5 Bxe4 29. Qxe8+ 1-0

[Event "Ulster Championship 2019"]
[Site "Belfast IRL"]
[Date "2019.08.24"]
[Round "1.3"]
[White "Scannell, Stephen"]
[Black "McDonnell, James J."]
[Result "1/2-1/2"]
[WhiteElo "2153"]
[BlackElo "1782"]
[WhiteUCU "1907"]
[BlackUCU "1697"]
[WhiteClub "Ballynafeigh"]
[WhiteNationality "IRL"]
[BlackNationality "IRL"]
[WhiteFideId "2501104"]
[BlackFideId "2500787"]
[PlyCount "75"]
[EventDate "2019.08.24"]
[Source "Live boards"]

{ Event information: <a
href="http://www.irlchess.com/ulsterch2019_allfiles/pairings_ulsterch2019.html">Tournament
report</a>. }

1. d4 d5 2. c4 c6 3. Nc3 Nf6 4. Bg5 dxc4 5. Bxf6 exf6 6. e4 b5 7. Nf3 Bb4
8. a4 Bb7 9. Be2 O-O 10. O-O a6 11. axb5 axb5 12. Rxa8 Bxa8 13. Qa1 Bxc3
14. bxc3 Bb7 15. Qa7 Qc8 16. Rb1 Re8 17. Bxc4 Rxe4 18. Bd3 Re7 19. Nd2 Kf8
20. Ne4 Ba6 21. Qc5 Qc7 22. g3 Nd7 23. Qa3 Bc8 24. Nd6 g6 25. c4 bxc4 26.
Bxc4 c5 27. Nb5 Qb6 28. Nc3 Qd6 29. Nd5 Re8 30. dxc5 Qxc5 31. Qxc5+ Nxc5
32. Nxf6 Rd8 33. Rb8 Kg7 34. Nd5 Rf8 35. Nf4 Bd7 36. Rb6 Ra8 37. h4 h6 38.
Kg2 1/2-1/2

[Event "Ulster Championship 2019"]
[Site "Belfast IRL"]
[Date "2019.08.24"]
[Round "1.4"]
[White "Kruk, Karina"]
[Black "Donaldson, Thomas"]
[Result "0-1"]
[WhiteTitle "WFM"]
[WhiteElo "1761"]
[BlackElo "2065"]
[WhiteUCU "1633"]
[BlackUCU "1942"]
[WhiteClub "Ballynafeigh"]
[BlackClub "Strand"]
[WhiteNationality "IRL"]
[BlackNationality "ENG"]
[WhiteFideId "1148184"]
[BlackFideId "464007"]
[PlyCount "64"]
[EventDate "2019.08.24"]
[Source "Live boards"]

{ Event information: <a
href="http://www.irlchess.com/ulsterch2019_allfiles/pairings_ulsterch2019.html">Tournament
report</a>. }

1. d4 Nf6 2. c4 g6 3. Nc3 Bg7 4. e4 d6 5. f4 O-O 6. Be2 e5 7. dxe5 dxe5 8.
Qxd8 Rxd8 9. Nf3 exf4 10. Bxf4 c6 11. O-O Na6 12. Rad1 Bg4 13. Rxd8+ Rxd8
14. e5 Nh5 15. Bg5 Re8 16. Be3 b6 17. h3 Bxf3 18. Bxf3 Rxe5 19. Bd4 Re6 20.
Bxg7 Nxg7 21. Rd1 Nf5 22. Rd8+ Kg7 23. Kf2 Nb4 24. b3 Re3 25. Ne4 Nd3+ 26.
Kg1 Re1+ 27. Kh2 Ne5 28. Rd2 Re3 29. Rf2 h5 30. Nd2 h4 31. Be4 Ng3 32. Nf1
Nxf1+ 0-1

[Event "Ulster Championship 2019"]
[Site "Belfast IRL"]
[Date "2019.08.24"]
[Round "2.1"]
[White "Flynn, Jacob"]
[Black "Horvath, Gabor"]
[Result "0-1"]
[BlackTitle "CM"]
[WhiteElo "1973"]
[BlackElo "2226"]
[WhiteICU "2008"]
[BlackUCU "2073"]
[WhiteClub "Malahide"]
[BlackClub "Strand"]
[WhiteNationality "IRL"]
[BlackNationality "HUN"]
[WhiteFideId "2509393"]
[BlackFideId "720003"]
[PlyCount "66"]
[EventDate "2019.08.24"]
[Source "Live boards"]
[BlackFullName "Horv&aacute;th, G&aacute;bor"]

{ Event information: <a
href="http://www.irlchess.com/ulsterch2019_allfiles/pairings_ulsterch2019.html">Tournament
report</a>. }

1. c4 e5 2. Nc3 d6 3. Nf3 f5 4. e4 Nf6 5. Bd3 g6 6. Qc2 f4 7. Be2 Nc6 8.
Qd1 Bg7 9. O-O O-O 10. Re1 Nd7 11. d4 Nxd4 12. Nxd4 exd4 13. Nb5 c5 14.
Nxd6 Ne5 15. Nxc8 Rxc8 16. Bd3 Rc6 17. Rb1 g5 18. b4 cxb4 19. Rxb4 b6 20.
Bf1 g4 21. Bb2 Qh4 22. g3 fxg3 23. fxg3 Qf6 24. Kh1 Nf3 25. Re2 Qe7 26. Ra4
Rd8 27. Bg2 d3 28. Rf2 Qc5 29. Rxa7 Qxf2 30. Rxg7+ Kf8 31. Qa1 Qe1+ 32. Bf1
Qxa1 33. Bxa1 d2 0-1

[Event "Ulster Championship 2019"]
[Site "Belfast IRL"]
[Date "2019.08.24"]
[Round "2.2"]
[White "Donaldson, Thomas"]
[Black "Zelenchuk, Daniil"]
[Result "0-1"]
[WhiteElo "2065"]
[BlackElo "1817"]
[WhiteUCU "1942"]
[BlackUCU "1829"]
[WhiteClub "Strand"]
[BlackClub "Strand"]
[WhiteNationality "ENG"]
[BlackNationality "IRL"]
[WhiteFideId "464007"]
[BlackFideId "2511959"]
[PlyCount "82"]
[EventDate "2019.08.24"]
[Source "Live boards"]

{ Event information: <a
href="http://www.irlchess.com/ulsterch2019_allfiles/pairings_ulsterch2019.html">Tournament
report</a>. }

1. d4 Nf6 2. g3 g6 3. Bg2 Bg7 4. e4 d6 5. Ne2 O-O 6. O-O c6 7. Nbc3 Qc7 8.
a4 e5 9. dxe5 dxe5 10. b3 Rd8 11. Qe1 a5 12. Ba3 Na6 13. Nc1 Be6 14. Nd3
Bxb3 15. Qb1 Bc4 16. Rd1 b6 17. Nb2 Be6 18. Bf1 Rd4 19. f3 Qd7 20. Nc4 Rxd1
21. Qxd1 Qd4+ 22. Qxd4 exd4 23. Nxb6 Rb8 24. Rb1 Nb4 25. Bxb4 axb4 26. a5
dxc3 27. a6 b3 28. a7 Rd8 29. cxb3 Nxe4 30. a8=Q Bd4+ 31. Kg2 Rxa8 32. Nxa8
Nd2 33. Re1 Bf5 34. g4 Bb1 35. b4 Nxf1 36. Rxb1 Nd2 37. Rc1 Nb3 38. Rc2 Na1
39. Rc1 c2 40. Nc7 Bb2 41. Re1 c1=Q 0-1

[Event "Ulster Championship 2019"]
[Site "Belfast IRL"]
[Date "2019.08.24"]
[Round "2.3"]
[White "Goss, Alex"]
[Black "Scannell, Stephen"]
[Result "1-0"]
[WhiteElo "1717"]
[BlackElo "2153"]
[WhiteICU "1708"]
[BlackUCU "1907"]
[WhiteClub "Elm Mount"]
[BlackClub "Ballynafeigh"]
[WhiteNationality "IRL"]
[BlackNationality "IRL"]
[WhiteFideId "2509407"]
[BlackFideId "2501104"]
[PlyCount "107"]
[EventDate "2019.08.24"]
[Source "Live boards"]

{ Event information: <a
href="http://www.irlchess.com/ulsterch2019_allfiles/pairings_ulsterch2019.html">Tournament
report</a>. }

1. e4 c5 2. Nc3 g6 3. Nge2 Nc6 4. g3 Bg7 5. Bg2 d6 6. O-O e6 7. d3 Nge7 8.
Be3 Nd4 9. Qd2 O-O 10. Bh6 Rb8 11. Bxg7 Kxg7 12. a4 a6 13. Nxd4 cxd4 14.
Ne2 Nc6 15. c3 e5 16. cxd4 exd4 17. b4 b5 18. a5 Bd7 19. Qb2 Kg8 20. Nf4
Rc8 21. Nd5 f6 22. Nb6 Rb8 23. Nd5 Rc8 24. Nb6 Rc7 25. Nd5 Ra7 26. Rac1 Qe8
27. f4 Qf7 28. e5 dxe5 29. fxe5 Nxe5 30. Nxf6+ Kh8 31. Qxd4 Bf5 32. Qxe5
Re7 33. Qd4 Qxf6 34. Qxf6+ Rxf6 35. g4 Rd6 36. gxf5 gxf5 37. Rc6 Rxd3 38.
Rxa6 Rd2 39. Rf2 Rd4 40. Rb6 Rxb4 41. a6 Ra4 42. Rb8+ Kg7 43. Rb7 Kf6 44.
Rxe7 Kxe7 45. Bb7 Kf6 46. Rb2 b4 47. Kf2 Ke5 48. Ke2 Kd4 49. Kd2 Kc5 50.
Kc1 Kd4 51. Kb1 Kc3 52. Ra2 Rxa2 53. Kxa2 Kc2 54. Bd5 1-0

[Event "Ulster Championship 2019"]
[Site "Belfast IRL"]
[Date "2019.08.24"]
[Round "2.4"]
[White "McDonnell, James J."]
[Black "Carroll, Peter"]
[Result "0-1"]
[WhiteElo "1782"]
[BlackElo "2062"]
[BlackICU "2084"]
[WhiteUCU "1697"]
[BlackClub "Gonzaga"]
[WhiteNationality "IRL"]
[BlackNationality "IRL"]
[WhiteFideId "2500787"]
[BlackFideId "2510243"]
[PlyCount "68"]
[EventDate "2019.08.24"]
[Source "Live boards"]

{ Event information: <a
href="http://www.irlchess.com/ulsterch2019_allfiles/pairings_ulsterch2019.html">Tournament
report</a>. }

1. e4 c5 2. Nf3 d6 3. d4 cxd4 4. Nxd4 Nf6 5. Nc3 a6 6. Qf3 g6 7. h3 Bg7 8.
Be3 O-O 9. g4 Nc6 10. O-O-O Bd7 11. g5 Nh5 12. Nd5 Ne5 13. Qg2 e6 14. f4
exd5 15. fxe5 dxe5 16. Ne2 d4 17. Bf2 Qa5 18. Kb1 Be6 19. Nc1 Nf4 20. Qg3
Rac8 21. Be1 Qa4 22. Rh2 Rc7 23. Rdd2 Rfc8 24. Qf3 Bf8 25. Rdf2 Bc5 26. b3
Qa3 27. Nd3 Bd6 28. Nxf4 exf4 29. Bd3 a5 30. Bd2 a4 31. Bc1 Qb4 32. a3 Qb6
33. Bxf4 axb3 34. Ka1 b2+ 0-1

[Event "Ulster Championship 2019"]
[Site "Belfast IRL"]
[Date "2019.08.25"]
[Round "3.1"]
[White "Horvath, Gabor"]
[Black "Goss, Alex"]
[Result "1-0"]
[WhiteTitle "CM"]
[WhiteElo "2226"]
[BlackElo "1717"]
[BlackICU "1708"]
[WhiteUCU "2073"]
[WhiteClub "Strand"]
[BlackClub "Elm Mount"]
[WhiteNationality "HUN"]
[BlackNationality "IRL"]
[WhiteFideId "720003"]
[BlackFideId "2509407"]
[PlyCount "43"]
[EventDate "2019.08.24"]
[Source "Live boards"]
[WhiteFullName "Horv&aacute;th, G&aacute;bor"]

{ Event information: <a
href="http://www.irlchess.com/ulsterch2019_allfiles/pairings_ulsterch2019.html">Tournament
report</a>. }

1. e4 e6 2. d4 d5 3. Nd2 c5 4. exd5 Qxd5 5. Ngf3 cxd4 6. Bc4 Qd6 7. O-O Nf6
8. Nb3 Nc6 9. Nbxd4 Nxd4 10. Nxd4 a6 11. Re1 Bd7 12. c3 Qc7 13. Bf1 Bd6 14.
h3 O-O-O 15. Qf3 Kb8 16. Bg5 Be7 17. Rad1 h6 18. Bf4 Bd6 19. Bxd6 Qxd6 20.
Nxe6 Qb6 21. Nxd8 Rxd8 22. Qg3+ 1-0

[Event "Ulster Championship 2019"]
[Site "Belfast IRL"]
[Date "2019.08.25"]
[Round "3.2"]
[White "Carroll, Peter"]
[Black "Zelenchuk, Daniil"]
[Result "0-1"]
[WhiteElo "2062"]
[BlackElo "1817"]
[WhiteICU "2084"]
[BlackUCU "1829"]
[WhiteClub "Gonzaga"]
[BlackClub "Strand"]
[WhiteNationality "IRL"]
[BlackNationality "IRL"]
[WhiteFideId "2510243"]
[BlackFideId "2511959"]
[PlyCount "90"]
[EventDate "2019.08.24"]
[Source "Live boards"]

{ Event information: <a
href="http://www.irlchess.com/ulsterch2019_allfiles/pairings_ulsterch2019.html">Tournament
report</a>. }

1. d4 Nf6 2. c4 d6 3. Nc3 g6 4. e4 Bg7 5. Be2 O-O 6. Nf3 Nbd7 7. h3 c5 8.
Be3 Qa5 9. Qd2 a6 10. O-O Qc7 11. Nd5 Nxd5 12. exd5 Rb8 13. Rac1 b6 14.
Rfe1 Nf6 15. Bd3 Bd7 16. b3 Rfe8 17. Re2 Rb7 18. Rce1 Qc8 19. Bf4 Nh5 20.
Bg5 f6 21. Bh6 Bxh3 22. Bxg7 Qg4 23. Nh4 f5 24. Bh6 f4 25. Re4 g5 26. f3
Qxh4 27. gxh3 Nf6 28. Re6 Qxh6 29. Bf5 Qg7 30. Kh2 cxd4 31. Rd1 Nd7 32. Re4
Ne5 33. Qg2 d3 34. Be6+ Kh8 35. Rg1 b5 36. Rxf4 d2 37. Rf5 Rf8 38. f4 Rxf5
39. Bxf5 bxc4 40. Qe2 Qf7 41. Rxg5 Qxd5 42. Rg1 Nf3+ 43. Qxf3 Qxf3 44. Be6
Qxf4+ 45. Kh1 Qe4+ 0-1

[Event "Ulster Championship 2019"]
[Site "Belfast IRL"]
[Date "2019.08.25"]
[Round "3.3"]
[White "Flynn, Jacob"]
[Black "Allen, Keith"]
[Result "1/2-1/2"]
[WhiteElo "1973"]
[BlackElo "2207"]
[WhiteICU "2008"]
[WhiteClub "Malahide"]
[BlackClub "Isle of Man IOM"]
[WhiteNationality "IRL"]
[BlackNationality "IRL"]
[WhiteFideId "2509393"]
[BlackFideId "2501147"]
[PlyCount "55"]
[EventDate "2019.08.24"]
[Source "Live boards"]

{ Event information: <a
href="http://www.irlchess.com/ulsterch2019_allfiles/pairings_ulsterch2019.html">Tournament
report</a>. }

1. c4 c6 2. Nf3 d5 3. e3 Nf6 4. Nc3 e6 5. b3 Bd6 6. Bb2 Nbd7 7. Qc2 Qe7 8.
Be2 a6 9. Rd1 e5 10. cxd5 cxd5 11. g4 h6 12. Rg1 g5 13. h4 Rg8 14. hxg5
hxg5 15. d3 Nb6 16. Nd2 Be6 17. Qc1 Rc8 18. Qa1 Nbd7 19. Rc1 Kd8 20. a3 Rh8
21. b4 Rh6 22. Na4 Rxc1+ 23. Qxc1 Rh4 24. Qd1 Kc8 25. Nc3 Kb8 26. Kf1 Nb6
27. Nb3 Ng8 28. Nc5 1/2-1/2

[Event "Ulster Championship 2019"]
[Site "Belfast IRL"]
[Date "2019.08.25"]
[Round "4.1"]
[White "Zelenchuk, Daniil"]
[Black "Horvath, Gabor"]
[Result "1-0"]
[BlackTitle "CM"]
[WhiteElo "1817"]
[BlackElo "2226"]
[WhiteUCU "1829"]
[BlackUCU "2073"]
[WhiteClub "Strand"]
[BlackClub "Strand"]
[WhiteNationality "IRL"]
[BlackNationality "HUN"]
[WhiteFideId "2511959"]
[BlackFideId "720003"]
[PlyCount "55"]
[EventDate "2019.08.24"]
[Source "Live boards"]
[BlackFullName "Horv&aacute;th, G&aacute;bor"]

{ Event information: <a
href="http://www.irlchess.com/ulsterch2019_allfiles/pairings_ulsterch2019.html">Tournament
report</a>. }

1. c4 g6 2. g3 Bg7 3. Bg2 c5 4. Nc3 Nc6 5. a3 Nf6 6. e3 O-O 7. Nge2 d6 8.
O-O Bd7 9. Rb1 Rb8 10. b4 cxb4 11. axb4 Ne5 12. d3 g5 13. b5 Qc8 14. f4
gxf4 15. Nxf4 Ng6 16. Ncd5 Nxd5 17. Nxd5 Bh3 18. Qh5 Bxg2 19. Kxg2 Qd8 20.
Bb2 Rc8 21. Qg5 e5 22. Nf6+ Kh8 23. h4 h6 24. Qf5 Bxf6 25. Qxf6+ Qxf6 26.
Rxf6 h5 27. Rbf1 Kg7 28. Ba3 1-0

[Event "Ulster Championship 2019"]
[Site "Belfast IRL"]
[Date "2019.08.25"]
[Round "4.3"]
[White "Goss, Alex"]
[Black "Carroll, Peter"]
[Result "0-1"]
[WhiteElo "1717"]
[BlackElo "2062"]
[WhiteICU "1708"]
[BlackICU "2084"]
[WhiteClub "Elm Mount"]
[BlackClub "Gonzaga"]
[WhiteNationality "IRL"]
[BlackNationality "IRL"]
[WhiteFideId "2509407"]
[BlackFideId "2510243"]
[PlyCount "48"]
[EventDate "2019.08.24"]
[Source "Live boards"]

{ Event information: <a
href="http://www.irlchess.com/ulsterch2019_allfiles/pairings_ulsterch2019.html">Tournament
report</a>. }

1. e4 c5 2. Nf3 a6 3. g3 b5 4. Bg2 Nc6 5. O-O e6 6. d4 cxd4 7. Nxd4 Bb7 8.
Nc3 Qc7 9. Nce2 Nf6 10. f3 Bc5 11. Kh1 d5 12. exd5 Nxd5 13. Re1 O-O 14.
Nxc6 Bxc6 15. Nf4 Nf6 16. Nd3 Rfd8 17. Qe2 Bb6 18. Bf4 Qb7 19. Bg5 Rac8 20.
Ne5 Bd5 21. Ng4 Nxg4 22. Bxd8 Nf2+ 23. Kg1 Rxd8 24. Rf1 Bc4 0-1

[Event "Ulster Championship 2019"]
[Site "Belfast IRL"]
[Date "2019.08.25"]
[Round "4.4"]
[White "McDonnell, James J."]
[Black "Flynn, Jacob"]
[Result "0-1"]
[WhiteElo "1782"]
[BlackElo "1973"]
[BlackICU "2008"]
[WhiteUCU "1697"]
[BlackClub "Malahide"]
[WhiteNationality "IRL"]
[BlackNationality "IRL"]
[WhiteFideId "2500787"]
[BlackFideId "2509393"]
[PlyCount "56"]
[EventDate "2019.08.24"]
[Source "Live boards"]

{ Event information: <a
href="http://www.irlchess.com/ulsterch2019_allfiles/pairings_ulsterch2019.html">Tournament
report</a>. }

1. e4 d6 2. d4 Nf6 3. Nc3 Nbd7 4. f4 e5 5. Nf3 exd4 6. Qxd4 c6 7. Be3 d5 8.
exd5 Bc5 9. Qd3 Qe7 10. Nd4 Nb6 11. O-O-O Nbxd5 12. Nxd5 Nxd5 13. Bd2 O-O
14. Re1 Qf6 15. Re4 Rd8 16. c3 Nc7 17. Re5 Bd6 18. Re4 c5 19. Nb5 Bf5 20.
Nxd6 Rxd6 21. Qf3 Bxe4 22. Qxe4 Rad8 23. Be3 Nd5 24. Bxc5 Re6 25. Qa4 Nxc3
26. Qc4 Ne4 27. Bd3 Qxf4+ 28. Kc2 Qd2+ 0-1

[Event "Ulster Championship 2019"]
[Site "Belfast IRL"]
[Date "2019.08.26"]
[Round "5.1"]
[White "Zelenchuk, Daniil"]
[Black "Annesley, Gareth"]
[Result "1-0"]
[WhiteElo "1817"]
[BlackElo "1885"]
[WhiteUCU "1829"]
[BlackUCU "1912"]
[WhiteClub "Strand"]
[BlackClub "Belfast South"]
[WhiteNationality "IRL"]
[BlackNationality "IRL"]
[WhiteFideId "2511959"]
[BlackFideId "2505762"]
[PlyCount "63"]
[EventDate "2019.08.24"]
[Source "Live boards"]

{ Event information: <a
href="http://www.irlchess.com/ulsterch2019_allfiles/pairings_ulsterch2019.html">Tournament
report</a>. }

1. c4 e5 2. Nc3 Nf6 3. g3 d5 4. cxd5 Nxd5 5. Bg2 Nb6 6. d3 Be7 7. Nf3 Nc6
8. O-O O-O 9. a3 a5 10. Be3 Be6 11. Rc1 f5 12. Na4 Nxa4 13. Qxa4 Bf6 14.
Rc5 h6 15. Nd2 Kh7 16. Rfc1 Bd7 17. Qb3 Rb8 18. Nc4 Be6 19. Rb5 f4 20. Bc5
Nd4 21. Bxd4 Qxd4 22. Rxb7 fxg3 23. hxg3 Rbc8 24. Be4+ Kg8 25. e3 Qd8 26.
Qb5 c5 27. Nxa5 Bh4 28. Nc6 Bxg3 29. Nxd8 Bxf2+ 30. Kg2 Rcxd8 31. Rf1 Bxe3
32. Rf3 1-0

[Event "Ulster Championship 2019"]
[Site "Belfast IRL"]
[Date "2019.08.26"]
[Round "5.2"]
[White "Carroll, Peter"]
[Black "Horvath, Gabor"]
[Result "1-0"]
[BlackTitle "CM"]
[WhiteElo "2062"]
[BlackElo "2226"]
[WhiteICU "2084"]
[BlackUCU "2073"]
[WhiteClub "Gonzaga"]
[BlackClub "Strand"]
[WhiteNationality "IRL"]
[BlackNationality "HUN"]
[WhiteFideId "2510243"]
[BlackFideId "720003"]
[PlyCount "67"]
[EventDate "2019.08.24"]
[Source "Live boards"]
[BlackFullName "Horv&aacute;th, G&aacute;bor"]

{ Event information: <a
href="http://www.irlchess.com/ulsterch2019_allfiles/pairings_ulsterch2019.html">Tournament
report</a>. }

1. e4 e6 2. d4 d5 3. exd5 exd5 4. Bd3 Nc6 5. c3 Bd6 6. Nf3 Nge7 7. O-O Bg4
8. Re1 Qd7 9. Nbd2 f6 10. b4 O-O 11. Nb3 b6 12. b5 Nd8 13. c4 Bb4 14. Bd2
Bxd2 15. Nbxd2 Ne6 16. Qc2 g6 17. cxd5 Nf4 18. Bc4 Kg7 19. Qb3 Rad8 20. d6
Qxd6 21. Ne4 Qd7 22. d5 Bxf3 23. Qxf3 g5 24. Rad1 Nf5 25. g3 Ng6 26. Qc3 h6
27. Re2 Ne5 28. Nxf6 Rxf6 29. Rxe5 Re8 30. Rxe8 Qxe8 31. Re1 Qf8 32. Re6
Nd6 33. Bd3 Qf7 34. Qe5 1-0

[Event "Ulster Championship 2019"]
[Site "Belfast IRL"]
[Date "2019.08.26"]
[Round "5.3"]
[White "Flynn, Jacob"]
[Black "Donaldson, Thomas"]
[Result "1-0"]
[WhiteElo "1973"]
[BlackElo "2065"]
[WhiteICU "2008"]
[BlackUCU "1942"]
[WhiteClub "Malahide"]
[BlackClub "Strand"]
[WhiteNationality "IRL"]
[BlackNationality "ENG"]
[WhiteFideId "2509393"]
[BlackFideId "464007"]
[PlyCount "117"]
[EventDate "2019.08.24"]
[Source "Live boards"]

{ Event information: <a
href="http://www.irlchess.com/ulsterch2019_allfiles/pairings_ulsterch2019.html">Tournament
report</a>. }

1. d4 Nf6 2. Nc3 d5 3. Bf4 g6 4. e3 Bg7 5. h4 h5 6. Nf3 O-O 7. Be2 c5 8.
Ne5 cxd4 9. exd4 Nc6 10. O-O Bf5 11. a3 Qb6 12. Nxc6 Qxc6 13. Be5 a6 14.
Rc1 Rfd8 15. Na2 Rac8 16. Bd3 Ne4 17. Bxg7 Kxg7 18. Bxe4 dxe4 19. c3 e5 20.
Nb4 Qf6 21. dxe5 Qxe5 22. Qe2 Bg4 23. Qe3 a5 24. Nc2 f5 25. Qb6 Rd2 26.
Qxb7+ Rc7 27. Qb8 Be2 28. Nd4 Bxf1 29. Qxc7+ Qxc7 30. Ne6+ Kf6 31. Nxc7 Bc4
32. b3 Rd7 33. Ne8+ Kf7 34. bxc4 Kxe8 35. Rb1 f4 36. Rb5 a4 37. Re5+ Re7
38. Rd5 Kf7 39. Kf1 f3 40. gxf3 exf3 41. Rd3 Rb7 42. Rxf3+ Ke6 43. Rd3 Rb3
44. c5 Rb5 45. Rd6+ Kf5 46. Ra6 Rxc5 47. Rxa4 Rxc3 48. Kg2 Rd3 49. Ra5+ Kg4
50. Ra4+ Kf5 51. f3 Re3 52. Kg3 Rc3 53. Ra5+ Kf6 54. a4 Rc4 55. Ra6+ Kf5
56. Ra8 Rd4 57. a5 Ra4 58. a6 g5 59. a7 1-0

[Event "Ulster Championship 2019"]
[Site "Belfast IRL"]
[Date "2019.08.26"]
[Round "6.1"]
[White "Flynn, Jacob"]
[Black "Zelenchuk, Daniil"]
[Result "1-0"]
[WhiteElo "1973"]
[BlackElo "1817"]
[WhiteICU "2008"]
[BlackUCU "1829"]
[WhiteClub "Malahide"]
[BlackClub "Strand"]
[WhiteNationality "IRL"]
[BlackNationality "IRL"]
[WhiteFideId "2509393"]
[BlackFideId "2511959"]
[PlyCount "109"]
[EventDate "2019.08.24"]
[Source "Live boards"]

{ Event information: <a
href="http://www.irlchess.com/ulsterch2019_allfiles/pairings_ulsterch2019.html">Tournament
report</a>. }

1. c4 e5 2. Nc3 d6 3. Nf3 f5 4. d4 e4 5. Ng5 Be7 6. Nh3 Nf6 7. g3 Nbd7 8.
Bg2 h6 9. Nf4 Nf8 10. h4 g6 11. Nfd5 c6 12. Nxe7 Qxe7 13. Bd2 Ng4 14. e3
Be6 15. Qa4 Nd7 16. b3 a6 17. Qa3 Ndf6 18. Ne2 Rf8 19. Rc1 Bf7 20. b4 d5
21. cxd5 Nxd5 22. Rc5 g5 23. hxg5 hxg5 24. Qc1 Be6 25. Rxc6 Nxb4 26. Bxb4
Qxb4+ 27. Qc3 Qxc3+ 28. Rxc3 Bxa2 29. Rh7 b5 30. Rcc7 Bf7 31. Rg7 Nf6 32.
Rxg5 Nd5 33. Rc5 Be6 34. g4 Nb4 35. Nf4 a5 36. Nxe6 Nd3+ 37. Kd2 Nxc5 38.
Nxc5 Rc8 39. gxf5 a4 40. Bxe4 a3 41. Bb1 b4 42. Kc2 Rh8 43. Kb3 Rh1 44.
Rg8+ Kf7 45. Rxc8 Rxb1+ 46. Ka2 Rb2+ 47. Ka1 Rc2 48. Rb8 Rc1+ 49. Ka2 Rc2+
50. Kb1 a2+ 51. Ka1 Rxf2 52. Rxb4 Rxf5 53. Kxa2 Rf2+ 54. Kb3 Re2 55. e4 1-0